000 01138nam a22002537a 4500
003 NALT
005 20251125232952.0
008 s2547 th tha d
020 _a9749209478
040 _aNALT
041 _atha
050 _aDA 591.A4C3
_bป672ค 2547
100 0 _aปุริมสิทธิ์
_955775
245 1 0 _aคามิลล่า ไดอาน่า และชาร์ลส์ /
_cปุริมสิทธิ์.
260 _aกรุงเทพฯ :
_bศรีสารา,
_c2547
300 _a191 หน้า :
_bภาพประกอบ ;
_c21 ซม.
650 0 4 _aไดอาน่า, เจ้าหญิงแห่งเวลส์, ค.ศ. 1961--1997
650 0 4 _aชาร์ลส์, เจ้าฟ้า -- ความสัมพันธ์กับสตรี
650 0 4 _aคามิลล่า, ดัชเชสแห่งคอร์นวอลล์
850 _aNALT
856 4 0 _uhttps://hdl.handle.net/20.500.14156/333886
942 _cGB
_2lcc
999 _c45685
_d45685
998 _j111
_k นางสาวพจพิณ พรมเอี่ยม